[Event "Mittelfranken-chTB1 1213"]
[Site "Germany"]
[Date "2012.11.18"]
[Round "3.4"]
[White "Haeckler, Daniel"]
[Black "Schoeller, Wolfgang"]
[Result "0-1"]
[WhiteElo "2074"]
[BlackElo "1999"]
[PlyCount "48"]
[EventDate "2012.10.07"]
[EventType "team-tourn"]
[EventRounds "9"]
[EventCountry "GER"]
[SourceTitle "EXT 2019"]
[Source "ChessBase"]
[SourceDate "2018.10.10"]
[SourceVersion "1"]
[SourceVersionDate "2018.10.10"]
[SourceQuality "1"]
[WhiteTeam "Buechenbach/Roth"]
[BlackTeam "Fuerth SF"]
[WhiteTeamCountry "GER"]
[BlackTeamCountry "GER"]

1. e4 c5 2. Nf3 Nf6 3. Nc3 d5 4. exd5 Nxd5 5. Bb5+ Bd7 6. Ne5 Bxb5 7. Qf3 f6 8. Nxb5 Na6 9. Nc4 Qd7 10. a4 Nab4 11. 0-0 Nxc2 12. Rb1 e6 13. Qe4 a6 14. Nc3 Ncb4 15. Re1 Kf7 16. Qf3 Nc6 17. Ne4 h6 18. d3 b5 19. Ne3 Ne5 20. Qe2 Nf4 21. Qc2 Qxd3 22. Qxd3 Nexd3 23. Rd1 Ne2+ 24. Kf1 Nexc1 0-1

[Event "Mittelfranken-chTB1 1112"]
[Site "Germany"]
[Date "2012.02.05"]
[Round "6.6"]
[White "Schoeller, Wolfgang"]
[Black "Junk, Philipp"]
[Result "1-0"]
[WhiteElo "1980"]
[BlackElo "1769"]
[PlyCount "71"]
[EventDate "2011.09.25"]
[EventType "team-tourn"]
[EventRounds "9"]
[EventCountry "GER"]
[SourceTitle "EXT 2013"]
[Source "ChessBase"]
[SourceDate "2012.11.22"]
[SourceVersion "1"]
[SourceVersionDate "2012.11.22"]
[SourceQuality "1"]
[WhiteTeam "Fuerth"]
[BlackTeam "Nuernberg NT IV"]
[WhiteTeamCountry "GER"]
[BlackTeamCountry "GER"]

1. e4 c5 2. Nf3 e6 3. d4 cxd4 4. Nxd4 a6 5. c4 Nc6 6. Nc2 Bc5 7. Be3 b6 8. Nc3 Nf6 9. Be2 Qc7 10. 0-0 Bb7 11. Qd2 Ne7 12. f3 h5 13. Kh1 Ng6 14. Rfd1 0-0-0 15. Nd4 d5 16. cxd5 exd5 17. Nxd5 Nxd5 18. exd5 Rxd5 19. b4 Bxd4 20. Bxd4 Qe7 21. Bc4 Rdd8 22. Qf2 b5 23. Bc5 Qf6 24. Bf1 h4 25. Bd4 Qf5 26. Rac1+ Kb8 27. Bd3 Qe6 28. h3 Nf4 29. Bf1 Ka8 30. Re1 Qg6 31. Be5 Nd3 32. Bxd3 Rxd3 33. Rc7 Rc8 34. Rxc8+ Bxc8 35. Qc5 Qe6 36. Qc7 1-0

[Event "Mittelfranken-chTB1 1112"]
[Site "Germany"]
[Date "2012.01.15"]
[Round "5.8"]
[White "Kiefer, Johannes"]
[Black "Schoeller, Wolfgang"]
[Result "1/2-1/2"]
[WhiteElo "1846"]
[BlackElo "1980"]
[PlyCount "27"]
[EventDate "2011.09.25"]
[EventType "team-tourn"]
[EventRounds "9"]
[EventCountry "GER"]
[SourceTitle "EXT 2013"]
[Source "ChessBase"]
[SourceDate "2012.11.22"]
[SourceVersion "1"]
[SourceVersionDate "2012.11.22"]
[SourceQuality "1"]
[WhiteTeam "Gunzenhausen"]
[BlackTeam "Fuerth"]
[WhiteTeamCountry "GER"]
[BlackTeamCountry "GER"]

1. Nc3 c5 2. d4 cxd4 3. Qxd4 Nc6 4. Qa4 d6 5. e4 g6 6. Be3 Bg7 7. Nge2 Bd7 8. Qa3 Nf6 9. f3 a6 10. Nf4 0-0 11. 0-0-0 b5 12. Ncd5 Nxd5 13. Nxd5 b4 14. Qd3 1/2-1/2

[Event "Mittelfranken-chTB1 1112"]
[Site "Germany"]
[Date "2011.11.20"]
[Round "3.7"]
[White "Dietrich, Jochen"]
[Black "Schoeller, Wolfgang"]
[Result "1/2-1/2"]
[WhiteElo "1901"]
[BlackElo "1980"]
[PlyCount "81"]
[EventDate "2011.09.25"]
[EventType "team-tourn"]
[EventRounds "9"]
[EventCountry "GER"]
[SourceTitle "EXT 2013"]
[Source "ChessBase"]
[SourceDate "2012.11.22"]
[SourceVersion "1"]
[SourceVersionDate "2012.11.22"]
[SourceQuality "1"]
[WhiteTeam "Buechenbach/Roth"]
[BlackTeam "Fuerth"]
[WhiteTeamCountry "GER"]
[BlackTeamCountry "GER"]

1. Nf3 Nf6 2. g3 d5 3. Bg2 e6 4. d3 Be7 5. 0-0 0-0 6. Nbd2 Nbd7 7. e4 dxe4 8. dxe4 e5 9. Re1 Bc5 10. Nc4 Ng4 11. Ne3 Nxe3 12. Bxe3 Qe7 13. Qd5 Bxe3 14. Rxe3 c6 15. Qb3 Nb6 16. a4 Be6 17. Qc3 f6 18. a5 Nc4 19. Ree1 a6 20. Bf1 Nd6 21. Qc5 Rad8 22. Rad1 Rfe8 23. Rd3 Qc7 24. Nd2 Nb5 25. b4 Nd4 26. Rd1 Bf7 27. Kg2 Ne6 28. Qe3 Rxd3 29. Bxd3 Rd8 30. Nb3 Qe7 31. Qb6 Rd7 32. Rd2 Qd8 33. Qxd8+ Rxd8 34. Bc4 Rxd2 35. Nxd2 Nd4 36. Bxf7+ Kxf7 37. c3 Nb5 38. Nb1 Ke6 39. Kf3 Kd6 40. Ke3 c5 41. Kd3 1/2-1/2

[Event "Mittelfranken-chTB1 1112"]
[Site "Germany"]
[Date "2011.09.25"]
[Round "1.5"]
[White "Lunz, Dieter"]
[Black "Schoeller, Wolfgang"]
[Result "0-1"]
[WhiteElo "1950"]
[BlackElo "1980"]
[PlyCount "54"]
[EventDate "2011.09.25"]
[EventType "team-tourn"]
[EventRounds "9"]
[EventCountry "GER"]
[SourceTitle "EXT 2013"]
[Source "ChessBase"]
[SourceDate "2012.11.22"]
[SourceVersion "1"]
[SourceVersionDate "2012.11.22"]
[SourceQuality "1"]
[WhiteTeam "Heilsbronn"]
[BlackTeam "Fuerth"]
[WhiteTeamCountry "GER"]
[BlackTeamCountry "GER"]

1. e4 c5 2. c3 Nf6 3. e5 Nd5 4. d4 cxd4 5. cxd4 d6 6. Nf3 Nc6 7. exd6 Qxd6 8. Nc3 Bf5 9. a3 g6 10. Qb3 Qe6+ 11. Be2 Nxc3 12. Qxe6 Bxe6 13. bxc3 Bg7 14. Rb1 b6 15. 0-0 0-0 16. Rd1 Rfd8 17. Be3 Na5 18. Ng5 Bc4 19. Bxc4 Nxc4 20. a4 Rac8 21. Bc1 Rd5 22. Ne4 e5 23. Rb5 Rcd8 24. Rxd5 Rxd5 25. Be3 f5 26. Nd2 Nxd2 27. Rxd2 f4 0-1

[Event "Mittelfranken-chTB2a 1011"]
[Site "Germany"]
[Date "2010.11.21"]
[Round "3.4"]
[White "Schoeller, Wolfgang"]
[Black "Huettl, Walter"]
[Result "1/2-1/2"]
[WhiteElo "1961"]
[BlackElo "1930"]
[PlyCount "50"]
[EventDate "2010.09.26"]
[EventType "team-tourn"]
[EventRounds "9"]
[EventCountry "GER"]
[SourceTitle "EXT 2012"]
[Source "ChessBase"]
[SourceDate "2011.11.24"]
[SourceVersion "1"]
[SourceVersionDate "2011.11.24"]
[SourceQuality "1"]
[WhiteTeam "Fuerth II"]
[BlackTeam "Erlangen 44/88 II"]
[WhiteTeamCountry "GER"]
[BlackTeamCountry "GER"]

1. e4 e6 2. d4 d5 3. Nd2 Nf6 4. e5 Nfd7 5. Bd3 c5 6. c3 Nc6 7. Ne2 cxd4 8. cxd4 f6 9. exf6 Qxf6 10. Nf3 Bd6 11. 0-0 0-0 12. Bg5 Qf7 13. Bh4 h6 14. Bg3 Bxg3 15. hxg3 e5 16. dxe5 Ndxe5 17. Nxe5 Nxe5 18. Nf4 Rd8 19. Re1 Nxd3 20. Nxd3 Bf5 21. Ne5 Qf6 22. Rc1 Rac8 23. Rxc8 Bxc8 24. Qd4 a6 25. Rc1 Qd6 1/2-1/2

[Event "Mittelfranken-chTB2a 0910"]
[Site "Mittelfranken"]
[Date "2010.03.14"]
[Round "8.4"]
[White "Schwab, Edgar"]
[Black "Schoeller, Wolfgang"]
[Result "0-1"]
[WhiteElo "1776"]
[BlackElo "1938"]
[PlyCount "150"]
[EventDate "2009.10.11"]
[EventType "team-tourn"]
[EventRounds "9"]
[EventCountry "GER"]
[SourceTitle "EXT 2011"]
[Source "ChessBase"]
[SourceDate "2010.11.26"]
[SourceVersion "1"]
[SourceVersionDate "2010.11.26"]
[SourceQuality "1"]
[WhiteTeam "Forchheim III"]
[BlackTeam "Fuerth SF II"]
[WhiteTeamCountry "GER"]
[BlackTeamCountry "GER"]

1. d4 d5 2. Nf3 Nf6 3. c4 dxc4 4. e3 e6 5. Bxc4 c5 6. 0-0 a6 7. a4 Nc6 8. Nc3 cxd4 9. exd4 Be7 10. Be3 0-0 11. Qe2 b6 12. Rfd1 Nb4 13. Rac1 Bb7 14. Ne5 Nfd5 15. Nxd5 Nxd5 16. Bd3 Bd6 17. Bd2 Qf6 18. Nd7 Qh4 19. g3 Qh3 20. Be4 Rfd8 21. Nxb6 Rab8 22. Nxd5 Bxd5 23. Bxd5 exd5 24. Rc2 h5 25. Qxa6 h4 26. Qd3 Rb7 27. Qf3 Re8 28. Qxd5 hxg3 29. hxg3 Rb6 30. Qg2 Qg4 31. Rdc1 Re2 32. a5 Rb3 33. Bc3 Rxc2 34. Re1 Rb8 35. a6 Re2 36. Ra1 Ree8 37. Qd5 Qe6 38. Qf3 Qc8 39. Qd3 Re7 40. Kg2 Ra8 41. Rh1 f5 42. Qf3 Rxa6 43. Rh5 Rf7 44. Rh4 Be7 45. Rh1 Qa8 46. d5 Rd6 47. Rd1 Rd7 48. Rd2 Bg5 49. Rd3 Qe8 50. Qd1 Bf6 51. Qd2 Qe4+ 52. f3 Qc4 53. d6 Rf8 54. b3 Bxc3 55. bxc4 Bxd2 56. Rxd2 Rc8 57. Rd4 g6 58. g4 fxg4 59. Rxg4 Rxd6 60. Kg3 Kf7 61. Rf4+ Kg7 62. Re4 Rdc6 63. Rd4 Rxc4 64. Rd7+ Kf6 65. Rd6+ Kf5 66. Rd5+ Ke6 67. Rg5 Kf6 68. Rd5 R8c6 69. Rd8 R4c5 70. Rf8+ Kg7 71. Rd8 Rg5+ 72. Kf2 Rc2+ 73. Ke3 Rc3+ 74. Ke4 Rf5 75. Rd7+ Kh6 0-1

[Event "Mittelfranken-chTB2a 0910"]
[Site "Mittelfranken"]
[Date "2009.10.25"]
[Round "2.2"]
[White "Schoeller, Wolfgang"]
[Black "Wuensch, Rainer"]
[Result "0-1"]
[WhiteElo "1938"]
[BlackElo "1950"]
[PlyCount "54"]
[EventDate "2009.10.11"]
[EventType "team-tourn"]
[EventRounds "9"]
[EventCountry "GER"]
[SourceTitle "EXT 2011"]
[Source "ChessBase"]
[SourceDate "2010.11.26"]
[SourceVersion "1"]
[SourceVersionDate "2010.11.26"]
[SourceQuality "1"]
[WhiteTeam "Fuerth SF II"]
[BlackTeam "Rothenburg"]
[WhiteTeamCountry "GER"]
[BlackTeamCountry "GER"]

1. e4 g6 2. d4 Bg7 3. Nc3 d6 4. Be3 Nf6 5. f3 0-0 6. Qd2 e5 7. d5 Nbd7 8. g4 a5 9. Nge2 Nc5 10. Ng3 c6 11. g5 Nh5 12. Nxh5 gxh5 13. dxc6 bxc6 14. 0-0-0 Nb7 15. Na4 Be6 16. b3 d5 17. Qd3 Qe7 18. h4 d4 19. Bf2 Qa3+ 20. Kb1 Nd6 21. c4 Rfb8 22. Ka1 Nxc4 23. Bh3 Nb2 24. Qc2 Bxb3 25. Qxb2 Qxa4 26. Rb1 c5 27. Bf1 c4 0-1

[Event "Mittelfrankenliga-B1 0607"]
[Site "Mittelfranken"]
[Date "2007.03.25"]
[Round "8.3"]
[White "Schoeller, Wolfgang"]
[Black "Hetzner, Helmut"]
[Result "1-0"]
[WhiteElo "1965"]
[BlackElo "1876"]
[PlyCount "79"]
[EventDate "2006.10.22"]
[EventType "team-tourn"]
[EventRounds "9"]
[EventCountry "GER"]
[SourceTitle "EXT 2011"]
[Source "ChessBase"]
[SourceDate "2010.11.26"]
[SourceVersion "1"]
[SourceVersionDate "2010.11.26"]
[SourceQuality "1"]
[WhiteTeam "Fuerth SF"]
[BlackTeam "Schwabach"]
[WhiteTeamCountry "GER"]
[BlackTeamCountry "GER"]

1. e4 c6 2. Nf3 d5 3. exd5 cxd5 4. Ne5 Nc6 5. d4 Nf6 6. Be2 Qb6 7. c3 Bf5 8. 0-0 e6 9. f4 Bd6 10. Kh1 h5 11. Nd2 h4 12. Qa4 Ke7 13. Ndf3 Ne4 14. Nxc6+ bxc6 15. Ne5 Rac8 16. Kg1 f6 17. Nd3 Rh6 18. Nf2 Rch8 19. Nxe4 dxe4 20. Be3 Rg6 21. Kh1 Bg4 22. Qc2 f5 23. c4 c5 24. d5 Bxe2 25. Qxe2 exd5 26. cxd5 Rg4 27. b4 Qc7 28. bxc5 Bxf4 29. d6+ Bxd6 30. cxd6+ Qxd6 31. Rxf5 Rc8 32. Qxg4 h3 33. Qg5+ Ke6 34. Qg6+ Kd7 35. Qxd6+ Kxd6 36. gxh3 Rc3 37. Re1 Ke6 38. Rc5 Ra3 39. Re2 Kd6 40. Rg5 1-0

[Event "Mittelfrankenliga-B1 0607"]
[Site "Mittelfranken"]
[Date "2007.01.14"]
[Round "4.3"]
[White "Schoeller, Wolfgang"]
[Black "Arlt, Michael"]
[Result "1/2-1/2"]
[WhiteElo "1965"]
[BlackElo "1950"]
[PlyCount "42"]
[EventDate "2006.10.22"]
[EventType "team-tourn"]
[EventRounds "9"]
[EventCountry "GER"]
[SourceTitle "EXT 2011"]
[Source "ChessBase"]
[SourceDate "2010.11.26"]
[SourceVersion "1"]
[SourceVersionDate "2010.11.26"]
[SourceQuality "1"]
[WhiteTeam "Fuerth SF"]
[BlackTeam "Schwanstetten"]
[WhiteTeamCountry "GER"]
[BlackTeamCountry "GER"]

1. e4 e5 2. Nf3 Nf6 3. Nc3 d6 4. d4 exd4 5. Nxd4 Be7 6. Be2 0-0 7. 0-0 Re8 8. f4 Bf8 9. Bf3 a6 10. Kh1 Nbd7 11. Re1 Rb8 12. a4 c5 13. Nf5 Qc7 14. Ne3 b5 15. axb5 axb5 16. Ned5 Qd8 17. b4 cxb4 18. Nxb4 Bb7 19. Bb2 Nb6 20. Ncd5 Nfxd5 21. exd5 Ra8 1/2-1/2

[Event "Mittelfrankenliga-B1 0506"]
[Site "Germany"]
[Date "2006.03.19"]
[Round "7.4"]
[White "Schoeller, Wolfgang"]
[Black "Metzenroth, Dieter"]
[Result "1/2-1/2"]
[WhiteElo "2003"]
[BlackElo "1855"]
[PlyCount "120"]
[EventDate "2005.10.16"]
[EventType "team"]
[EventRounds "9"]
[EventCountry "GER"]
[SourceTitle "EXT 2007"]
[Source "ChessBase"]
[SourceDate "2006.11.23"]
[SourceVersion "1"]
[SourceVersionDate "2006.11.23"]
[SourceQuality "1"]

1. e4 c5 2. Nf3 d6 3. d4 cxd4 4. Nxd4 Nf6 5. f3 g6 6. c4 Bg7 7. Nc3 0-0 8. Be3 Nc6 9. Qd2 Bd7 10. Be2 a6 11. 0-0 Rc8 12. Rac1 Nxd4 13. Bxd4 Bc6 14. b4 Ra8 15. Qe3 Qb8 16. a4 e5 17. Bb6 Nd7 18. b5 axb5 19. cxb5 Nxb6 20. Qxb6 Bd7 21. Rfd1 Bh6 22. Nd5 Be6 23. Rc4 Bxd5 24. Rxd5 Rd8 25. Kf1 Qa7 26. Qxa7 Rxa7 27. Bd1 Be3 28. Rd3 Bb6 29. Bb3 Kf8 30. Ke2 Ke7 31. Rdc3 f6 32. Rc8 Ra8 33. Rxd8 Rxd8 34. Bd5 Rb8 35. Kd3 Kd7 36. Kc2 Ba5 37. Rc4 Bb6 38. Kb3 Bc5 39. h3 Ke7 40. b6 Bxb6 41. Rb4 Ba5 42. Rxb7+ Rxb7+ 43. Bxb7 Kd7 44. Kc4 Kc7 45. Bd5 h6 46. Bf7 g5 47. Kd5 Kd7 48. Be6+ Ke7 49. Bf5 Be1 50. Kc6 Bd2 51. Kb5 Kd8 52. a5 Kc7 53. Be6 h5 54. Bb3 h4 55. Ba4 Be3 56. Kc4 Kb7 57. Bb5 Bd2 58. a6+ Kb6 59. Kd5 Bb4 60. Ke6 Bd2 1/2-1/2

[Event "Mittelfrankenliga-B1 0506"]
[Site "Germany"]
[Date "2006.02.12"]
[Round "6.3"]
[White "Schoeller, Wolfgang"]
[Black "Seyb, Dieter"]
[Result "1/2-1/2"]
[WhiteElo "2003"]
[BlackElo "2219"]
[PlyCount "35"]
[EventDate "2005.10.16"]
[EventType "team"]
[EventRounds "9"]
[EventCountry "GER"]
[SourceTitle "EXT 2007"]
[Source "ChessBase"]
[SourceDate "2006.11.23"]
[SourceVersion "1"]
[SourceVersionDate "2006.11.23"]
[SourceQuality "1"]

1. e4 g6 2. d4 Bg7 3. Nc3 d6 4. Be3 a6 5. Qd2 Nd7 6. f3 b5 7. Nge2 Bb7 8. Nc1 c5 9. a4 b4 10. Nd1 Ngf6 11. Nb3 Qc7 12. dxc5 dxc5 13. c4 0-0 14. Be2 Rfd8 15. Qc2 Ne8 16. 0-0 Nd6 17. Nf2 f5 18. Bd3 1/2-1/2

[Event "Mittelfrankenliga-B1 0506"]
[Site "Germany"]
[Date "2005.11.20"]
[Round "2.4"]
[White "Augustin, Achim"]
[Black "Schoeller, Wolfgang"]
[Result "1-0"]
[WhiteElo "1948"]
[BlackElo "2003"]
[PlyCount "62"]
[EventDate "2005.10.16"]
[EventType "team"]
[EventRounds "9"]
[EventCountry "GER"]
[SourceTitle "EXT 2007"]
[Source "ChessBase"]
[SourceDate "2006.11.23"]
[SourceVersion "1"]
[SourceVersionDate "2006.11.23"]
[SourceQuality "1"]

1. d4 Nf6 2. Bg5 Ne4 3. Bh4 c5 4. f3 g5 5. fxe4 gxh4 6. e3 Bh6 7. Qd3 Nc6 8. c3 Qb6 9. b3 Qa5 10. Nf3 d6 11. d5 Ne5 12. Nxe5 dxe5 13. Nd2 h3 14. gxh3 Bd7 15. Rg1 b5 16. Be2 0-0-0 17. Bg4 e6 18. Ke2 Kc7 19. a4 bxa4 20. Nc4 Qa6 21. Nxe5 Qd6 22. Nxd7 Qxh2+ 23. Kf3 Rxd7 24. Qb5 Rb8 25. Qxc5+ Kd8 26. Bxe6 Re7 27. Rg8+ Re8 28. Qa5+ Ke7 29. Qxa7+ Kf6 30. Qxf7+ Ke5 31. Qc7+ Kf6 1-0

[Event "Mittelfranken-chT 0405"]
[Site "Germany"]
[Date "2005.04.03"]
[Round "8.4"]
[White "Schoeller, Wolfgang"]
[Black "Lausen, Berthold"]
[Result "0-1"]
[WhiteElo "2015"]
[BlackElo "1968"]
[PlyCount "81"]
[EventDate "2004.10.17"]
[EventType "team"]
[EventRounds "9"]
[EventCountry "GER"]
[SourceTitle "EXT 2007"]
[Source "ChessBase"]
[SourceDate "2006.11.23"]
[SourceVersion "1"]
[SourceVersionDate "2006.11.23"]
[SourceQuality "1"]

1. e4 c6 2. d4 d5 3. exd5 cxd5 4. Bd3 Nc6 5. c3 Qc7 6. Ne2 Bg4 7. f3 Bh5 8. Bf4 Qd7 9. Na3 e6 10. Nc2 Bd6 11. 0-0 Nge7 12. Re1 Bg6 13. Ne3 0-0 14. Bg3 Rfc8 15. Nf4 Na5 16. Qe2 Qc7 17. Nxg6 Nxg6 18. Bxd6 Qxd6 19. g3 a6 20. f4 b5 21. f5 Nf8 22. Qg4 Nc4 23. Bxc4 bxc4 24. Re2 Re8 25. f6 Ng6 26. Rf1 gxf6 27. Rxf6 Qf8 28. h4 Qg7 29. Ref2 Re7 30. Kh2 Nf8 31. Qe2 Rae8 32. R6f4 f5 33. Qf3 Ng6 34. Nxd5 exd5 35. Rxf5 Re3 36. Qxd5+ Kh8 37. Rf7 Qg8 38. Qf5 R8e6 39. d5 Ne7 40. Qh5 Qxg3+ 41. Kh1 0-1

[Event "Mittelfranken-chT 0405"]
[Site "Germany"]
[Date "2005.02.28"]
[Round "6.5"]
[White "Rosin, Ralf"]
[Black "Schoeller, Wolfgang"]
[Result "1/2-1/2"]
[WhiteElo "2002"]
[BlackElo "2015"]
[PlyCount "76"]
[EventDate "2004.10.17"]
[EventType "team"]
[EventRounds "9"]
[EventCountry "GER"]
[SourceTitle "EXT 2007"]
[Source "ChessBase"]
[SourceDate "2006.11.23"]
[SourceVersion "1"]
[SourceVersionDate "2006.11.23"]
[SourceQuality "1"]

1. e4 c5 2. f4 Nc6 3. Nf3 e6 4. Bb5 Qc7 5. d3 d6 6. 0-0 Nf6 7. Nc3 Be7 8. a4 0-0 9. h3 Rd8 10. Qe1 Nb4 11. Rf2 a6 12. Bc4 d5 13. Ba2 dxe4 14. dxe4 b6 15. Bc4 h6 16. g4 Bb7 17. g5 hxg5 18. Nxg5 Nh5 19. Qe2 g6 20. f5 Ng3 21. Qg4 Bxg5 22. Bxg5 exf5 23. exf5 Rd4 24. Bf4 Qc6 25. Bxf7+ Kxf7 26. Qxg6+ Qxg6 27. fxg6+ Kxg6 28. Bxg3 Rg8 29. Raf1 Rd7 30. Kh2 Nd5 31. Nxd5 Rxd5 32. Rf6+ Kh7 33. Rxb6 Rd2+ 34. Rf2 Rxf2+ 35. Bxf2 Rg2+ 36. Kh1 Bf3 37. Bxc5 Rg3+ 38. Kh2 Rg2+ 1/2-1/2

[Event "Mittelfranken-chT 0405"]
[Site "Germany"]
[Date "2004.11.07"]
[Round "2.5"]
[White "Pannek, Matthias"]
[Black "Schoeller, Wolfgang"]
[Result "0-1"]
[WhiteElo "1982"]
[BlackElo "2015"]
[PlyCount "82"]
[EventDate "2004.10.17"]
[EventType "team"]
[EventRounds "9"]
[EventCountry "GER"]
[SourceTitle "EXT 2007"]
[Source "ChessBase"]
[SourceDate "2006.11.23"]
[SourceVersion "1"]
[SourceVersionDate "2006.11.23"]
[SourceQuality "1"]

1. Nc3 c5 2. e4 Nc6 3. f4 e6 4. Nf3 d5 5. Bb5 a6 6. Bxc6+ bxc6 7. d3 Be7 8. 0-0 Nf6 9. Qe1 0-0 10. b3 c4 11. e5 Ne8 12. dxc4 Bb4 13. a3 Bc5+ 14. Be3 Qe7 15. cxd5 cxd5 16. b4 Bxe3+ 17. Qxe3 Bd7 18. Nd4 g6 19. Kh1 f5 20. Rfb1 Nc7 21. Qd3 Rab8 22. b5 axb5 23. Ncxb5 Nxb5 24. Nxb5 Bxb5 25. Rxb5 Rfc8 26. Rab1 Rxb5 27. Rxb5 Ra8 28. Rb3 Ra4 29. g3 Kg7 30. Qc3 Qa7 31. Kg2 Rc4 32. Qb2 Qc5 33. c3 d4 34. Rb7+ Kh6 35. Rf7 Qc8 36. Kh3 dxc3 37. Qb6 c2 38. Qa7 Qg8 39. Qe7 Qxf7 40. Qxf7 c1Q 41. Kh4 g5+ 0-1

[Event "Oberliga Bayern 9900"]
[Site "Bayern"]
[Date "2000.01.09"]
[Round "4.6"]
[White "Hellmayr, Alois"]
[Black "Schoeller, Wolfgang"]
[Result "1-0"]
[WhiteElo "2250"]
[BlackElo "2100"]
[PlyCount "57"]
[EventDate "1999.10.10"]
[EventType "team-tourn"]
[EventRounds "9"]
[EventCountry "GER"]
[SourceTitle "EXT 2020"]
[Source "ChessBase"]
[SourceDate "2019.10.17"]
[SourceVersion "1"]
[SourceVersionDate "2019.10.17"]
[SourceQuality "1"]
[WhiteTeam "Passau II"]
[BlackTeam "Fuerth SF"]
[WhiteTeamCountry "GER"]
[BlackTeamCountry "GER"]

1. Nf3 Nf6 2. b3 d6 3. d4 Bg4 4. Bb2 Nbd7 5. Nbd2 c6 6. e3 e5 7. dxe5 dxe5 8. Be2 Qc7 9. 0-0 Be7 10. e4 0-0 11. Ng5 Bxe2 12. Qxe2 h6 13. Ngf3 Rfe8 14. Rfd1 g6 15. a4 Nh5 16. g3 Bf8 17. Nc4 Rad8 18. Kg2 b6 19. Rd3 Ng7 20. Rad1 b5 21. Ncxe5 Nxe5 22. Bxe5 Qc8 23. Rxd8 Rxd8 24. Rxd8 Qxd8 25. axb5 cxb5 26. Qxb5 Ne6 27. Qd5 Qb6 28. Nd4 Nc5 29. Qc6 1-0

[Event "Landesliga Nord 9899"]
[Site "Bayern"]
[Date "1998.10.11"]
[Round "1.8"]
[White "Bussas, Hans"]
[Black "Schoeller, Wolfgang"]
[Result "1/2-1/2"]
[WhiteElo "1870"]
[BlackElo "2085"]
[PlyCount "76"]
[EventDate "1998.10.11"]
[EventType "team-tourn"]
[EventRounds "9"]
[EventCountry "GER"]
[SourceTitle "EXT 2020"]
[Source "ChessBase"]
[SourceDate "2019.10.17"]
[SourceVersion "1"]
[SourceVersionDate "2019.10.17"]
[SourceQuality "1"]
[WhiteTeam "Cham"]
[BlackTeam "Fuerth SF"]
[WhiteTeamCountry "GER"]
[BlackTeamCountry "GER"]

1. d4 c5 2. d5 e5 3. c4 d6 4. e4 g6 5. Nc3 Bg7 6. Bd3 Ne7 7. Nge2 0-0 8. 0-0 h6 9. f4 Nd7 10. f5 Nf6 11. h3 a6 12. a4 Bd7 13. g4 g5 14. Ng3 Ne8 15. Bd2 f6 16. Qc2 Rf7 17. b3 Bf8 18. Rf2 Nc8 19. Be3 Nc7 20. Qc1 Na7 21. Rfa2 Rh7 22. Kh1 Be8 23. Be2 b6 24. Qf1 Qe7 25. Bf3 Bf7 26. Rh2 Rd8 27. Raa2 Be8 28. Be2 a5 29. Bf3 Rd7 30. Rag2 Qd8 31. Qg1 Rh8 32. h4 Rdh7 33. Nd1 Be7 34. Rh3 Qd7 35. Rgh2 Bd8 36. Nf2 Na6 37. Nd3 Nc8 38. Qc1 Qg7 1/2-1/2

[Event "Landesliga Nord 9798"]
[Site "Bayern"]
[Date "1998.??.??"]
[Round "?.7"]
[White "Schoeller, Wolfgang"]
[Black "Erlbeck, Peter"]
[Result "0-1"]
[WhiteElo "2055"]
[BlackElo "2065"]
[PlyCount "77"]
[EventDate "1997.10.19"]
[EventType "team-tourn"]
[EventRounds "9"]
[EventCountry "GER"]
[SourceTitle "EXT 2020"]
[Source "ChessBase"]
[SourceDate "2019.10.17"]
[SourceVersion "1"]
[SourceVersionDate "2019.10.17"]
[SourceQuality "1"]
[WhiteTeam "Fuerth SF"]
[BlackTeam "Nuernberg Sued SW"]
[WhiteTeamCountry "GER"]
[BlackTeamCountry "GER"]

1. e4 c5 2. d4 cxd4 3. Qxd4 Nc6 4. Qd3 Nf6 5. c4 g6 6. Nc3 Bg7 7. Nf3 d6 8. Be2 0-0 9. h3 b6 10. 0-0 Bb7 11. Bf4 Rc8 12. Rac1 Nh5 13. Be3 Nb4 14. Qb1 Na6 15. Rfd1 Qe8 16. Nd4 Nf6 17. Ndb5 Ra8 18. Nd5 Nxd5 19. cxd5 Qd7 20. b4 f5 21. exf5 Qxf5 22. Qb3 Qd7 23. a4 Kh8 24. Nd4 Nc7 25. Bg4 Qd8 26. Be6 Rf6 27. Rc2 Nxe6 28. Nxe6 Rxe6 29. dxe6 d5 30. Bd4 Qd6 31. Qc3 Bxd4 32. Qxd4+ Kg8 33. Re1 Rf8 34. a5 Rf4 35. Qe3 Qxb4 36. Qd2 Qxa5 37. Qxa5 bxa5 38. Ra2 a4 39. Rea1 0-1

[Event "Landesliga Nord 9798"]
[Site "Bayern"]
[Date "1998.??.??"]
[Round "?.8"]
[White "Schoeller, Wolfgang"]
[Black "Peldszus, Dietmar"]
[Result "1/2-1/2"]
[WhiteElo "2055"]
[BlackElo "1680"]
[PlyCount "77"]
[EventDate "1997.10.19"]
[EventType "team-tourn"]
[EventRounds "9"]
[EventCountry "GER"]
[SourceTitle "EXT 2020"]
[Source "ChessBase"]
[SourceDate "2019.10.17"]
[SourceVersion "1"]
[SourceVersionDate "2019.10.17"]
[SourceQuality "1"]
[WhiteTeam "Fuerth SF"]
[BlackTeam "Cham"]
[WhiteTeamCountry "GER"]
[BlackTeamCountry "GER"]

1. e4 c6 2. b3 d5 3. Bb2 dxe4 4. Nc3 Bf5 5. Nge2 Nf6 6. Ng3 Bg6 7. Qe2 e6 8. Ngxe4 Nxe4 9. Nxe4 Qd5 10. Nc3 Qa5 11. 0-0-0 Ba3 12. h4 Bxb2+ 13. Kxb2 h6 14. g4 h5 15. g5 Nd7 16. Bg2 0-0-0 17. Be4 Bxe4 18. Nxe4 Nb6 19. g6 f6 20. c4 Qe5+ 21. Kc2 Rd4 22. d3 Rhd8 23. c5 Nd5 24. Nd6+ Kc7 25. Qxe5 fxe5 26. a3 b6 27. Nf7 Rf8 28. cxb6+ axb6 29. Rde1 Rf4 30. Rh2 Ne7 31. Nxe5 Rxf2+ 32. Re2 Rxh2 33. Rxh2 Rf6 34. Rg2 Rf4 35. Nf7 Nxg6 36. Rxg6 Rxf7 37. Rg5 Rf5 38. Rxg7+ Kd6 39. Rh7 1/2-1/2